The End of the Cold War and the Causes of Soviet Collapse (Record no. 577623)

MARC details
000 -LEADER
fixed length control field 00646nam a2200169Ia 4500
008 - FIXED-LENGTH DATA ELEMENTS--GENERAL INFORMATION
fixed length control field 250728s9999 xx 000 0 und d
020 ## - INTERNATIONAL STANDARD BOOK NUMBER
ISBN 9781403935786
082 ## - DEWEY DECIMAL CLASSIFICATION NUMBER
Classification number 947.0854
Item number BIS
100 ## - MAIN ENTRY--AUTHOR NAME
Personal name Bisley, Nick
245 #4 - TITLE STATEMENT
Title The End of the Cold War and the Causes of Soviet Collapse
260 ## - PUBLICATION, DISTRIBUTION, ETC. (IMPRINT)
Name of publisher Palgrave MacMillan
Year of publication 2004
300 ## - PHYSICAL DESCRIPTION
Number of Pages 209 pages
500 ## - GENERAL NOTE
General note Soviet efforts to end the Cold War were intended to help revitalise the USSR. Nick Bisley argues that in fact they had the opposite effect and contributed critically to the collapse of the Soviet state.
650 ## - SUBJECT ADDED ENTRY--TOPICAL TERM
Topical Term Political Science
942 ## - ADDED ENTRY ELEMENTS (KOHA)
Koha item type English Books
Holdings
Withdrawn status Lost status Damaged status Not for loan Home library Current library Shelving location Date acquired Full call number Accession Number Price effective from Koha item type
        Anna Centenary Library Anna Centenary Library 7TH FLOOR, B WING 28.07.2025 947.0854 BIS 322231 28.07.2025 English Books

Find us on the map